00938nam a22002535a 450000500170000000800410001702000180005804000280007608200200010410000390012424500720016325000430023526000520027830000350033049000280036550000240039350000270041765000310044465100100047565300340048594200080051999900170052795201400054420160111154945.0150629t2014 enka frd 001 0 eng d a9781292027111 aEG-ScBUEbengcEG-ScBUE04222a629.25bHAL1 aHalderman, James D.,939015d1943-10aAutomotive engines :btheory and servicing / cJames D. Halderman.  a7th ed., Pearson New International ed. aHarlow : bPearson Education Limited, cc.2014. aiv, 575 p. : bill. ; c29 cm.0 aPearson custom library. aIndex : p. 569-575. aGlossary : p. 555-568. 72BUEshaAutomobiles.919256 2BUEsh bENGGENcJune2015cJanuary2016 2ddc c20029d20001 00102ddc40708AlahramaMAINbMAINc1STd2015-06-29ePurchaseg295.00h304l0o629.25 HALp000038869r2025-07-15 00:00:00v368.75yBB